Miejscowości gminy Strzelce Wielkie - Statystyki

Ogólne statystyki
  • Ten quiz został rozwiązany 34 razy
  • Średni wynik to 11 z 14
Statystyki odpowiedzi
Hint Odpowiedź % Poprawnych
135 os. Antonina
100%
135 os. Skąpa
100%
1061 os. Strzelce Wielkie
100%
122 os. Górki
88%
442 os. Wistka
88%
258 os. Marzęcice
75%
407 os. Wiewiec
75%
218 os. Wola Jankowska
75%
209 os. Zamoście
75%
282 os. Zamoście-Kolonia
75%
247 os. Dębowiec Mały
63%
123 os. Dębowiec Wielki
63%
153 os. Pomiary
63%
484 os. Wola Wiewiecka
63%
Nie znaleziono quizów pasujących do podanych kryteriów
Rozkład punktacji
Procent ludzi z każdym wynikiem
Percentyl według liczby udzielonych odpowiedzi
Twoja historia wyników
Nie rozwiązałeś tego quizu